000 00482nam a2200181Ia 4500
005 20250508162612.0
008 008 250505s9999 xx 000 0 eng d
037 _aTextual
040 _aFEDL
_beng
_cFEDL
041 _aeng
_2eng
084 _a954.02, SIR
_qFEDL
100 _aBeveridge H
245 0 _aTarikh-I-Mubarakshahi
260 _aDelhi, India
_bDurga Publications
_c1986
300 _a290p.
942 _cTEXL
_h954.02, SIR
999 _c1377581
_d1377581